000 01006nam a2200301Ia 4500
003 OSt
005 20221007123648.0
006 a|||||r|||| 00| 0
007 ta
008 221006b |||||||| |||| 00| 0 eng d
020 _a8187169524 (pbk)
_cRs.595.00
024 _a77359
037 _b1891, 28/03/2007, Unilib Book Distributors
_cTextbook
040 _aPAPL
_cPAPL
_beng
041 _2eng
_aeng
082 _aCN30, N5;1-;3 Carpa
100 _aPeskin Michael E
_9713496
245 0 _aIntroduction to quantum field theory
_b Schroeder Daniel V
260 _aKolkata
_bLevant Books
_c1995
300 _axxii,842p.
_ccm.
500 _aBibliography 811-815p; Index 817-842p
650 _a Field theory
650 _a Quantum field theory
650 _aPhysics
700 _a Schroeder Daniel V
_9713498
942 _hCN30, N5;1-;3 Carpa
_cTB
_2CC
999 _c1212277
_d1212277